| 000 | 01247nam a2200241Ia 4500 | ||
|---|---|---|---|
| 003 | GCL | ||
| 008 | 140319s9999 xx 000 0 ara d | ||
| 020 | _a1069383977 | ||
| 040 |
_aGCL / _cGCL |
||
| 082 | 0 | 4 |
_a953.09 _bس ف |
| 100 | 1 | _aسونيا محمد سعيد البنا | |
| 245 | 1 | 0 |
_aفرقة الانكشارية : _bنشاتها و دورها فى الدولة العثمانية من خلال المصادر التركية / _cسونيا محمد سعيد البنا |
| 250 | _aالاولى | ||
| 260 |
_aالقاهرة : _bايتراك للنشر والتوزيع ، _c2006 |
||
| 300 |
_a518 ص ؛ _c24 سم |
||
| 650 | 0 | 4 | _aالامبراطورية العثمانية |
| 650 | 0 | 4 | _aالعالم العربى - تاريخ - العصر العثمانى |
| 650 | 0 | 4 | _aالامبراطورية العثمانية - الحركات الانفصالية |
| 650 | 0 | 4 | _aالامبراطورية العثمانية - الفرقة الانكشارية |
| 650 | 0 | 4 | _aالامبراطورية العثمانية - الفرقة الانكشارية - الاحوال الاجتماعية |
| 650 | 0 | 4 | _aالامبراطورية العثمانية - الفرقة الانكشارية - العادات والتقاليد |
| 942 |
_2ddc _cBK |
||
| 999 |
_c31674 _d31674 |
||